| 000 -LEADER |
| fixed length control field |
00418nam a22001457a 4500 |
| 008 - FIXED-LENGTH DATA ELEMENTS--GENERAL INFORMATION |
| fixed length control field |
210118b ||||| |||| 00| 0 eng d |
| 082 00 - DEWEY DECIMAL CLASSIFICATION NUMBER |
| Classification number |
387.03 |
| Item number |
W3371 |
| 100 ## - MAIN ENTRY--PERSONAL NAME |
| 9 (RLIN) |
1 |
| Personal name |
Watson, G. O. |
| 245 10 - TITLE STATEMENT |
| Title |
Dictionary of marine engineering and nautical terms |
| 260 ## - PUBLICATION, DISTRIBUTION, ETC. (IMPRINT) |
| Place of publication, distribution, etc |
London : |
| Name of publisher, distributor, etc |
George Newnes, |
| Date of publication, distribution, etc |
1964. |
| 300 ## - PHYSICAL DESCRIPTION |
| Extent |
vii,304 p. |
| 365 ## - TRADE PRICE |
| Unit of pricing |
32.40 |
| 650 #0 - SUBJECT ADDED ENTRY--TOPICAL TERM |
| Topical term or geographic name as entry element |
Marine Engineering Dictionary |
| 942 ## - ADDED ENTRY ELEMENTS (KOHA) |
| Item type |
Books |